| 000 | 00841nam a22001337a 4500 | ||
|---|---|---|---|
| 040 | _cRUA | ||
| 082 | _aAED MIE 2016 B650 or.1 | ||
| 100 | _aMIECH SAONY មៀចសៅនី | ||
| 245 | _athe study on economic efficency of yellow maize production of smallholder in chruy takeo commune khos thom district, kandal province ការសិក្សារអំពីប្រសិទ្ធភាពសេដ្ឋកិច្ចនៃផលិតកម្មដំណាំពោតក្រហាមជាលក្ខណះគ្រួសារនៅឃុំជ្រោយតាកែវ ស្រុកកោះធំ ខេត្តកណ្តាល | ||
| 260 |
_aRUA _bPhnom penh _c2016 |
||
| 300 |
_axi;44p _bill; _c29cm |
||
| 856 | _uhttps://drive.google.com/file/d/1uQHp1SdPzwfzLI2F0N-IdA2rqYqm6Ihz/view?usp=sharing | ||
| 942 | _cAED | ||
| 999 |
_c18364 _d18364 |
||